000 00295nam a2200133Ia 4500
008 150201s2010 xx 000 0 und d
082 _a610.732
_bF10K
100 _aKOHLI, ARUN
245 _aFIRST AID
260 _bA.P. JAIN
_c2010
300 _a150
650 _aFIRST AID
942 _2ddc
_cBK
_06
999 _c2447
_d2447